[Event "30. Staufer-Open (A)"]
[Site "?"]
[Date "2018.01.02"]
[Round "1"]
[White "Plat, Vojtech"]
[Black "Denisow, Jewgeny"]
[Result "1-0"]
[WhiteElo "2569"]
[BlackElo "2177"]
[PlyCount "89"]
[EventDate "2018.??.??"]
[WhiteTeam "SC Weiler im Allgäu e. V."]
[BlackTeam "SG Schwäbisch Gmünd 1872 e.V"]

1. e4 c5 2. Nf3 d6 3. c3 Nf6 4. Bc4 Nxe4 5. Qa4+ Nc6 6. Bxf7+ Kxf7 7. Qxe4 e6
8. d3 Be7 9. h4 d5 10. Qe2 h6 11. Bf4 Rf8 12. Nbd2 Kg8 13. Bg3 Bd6 14. O-O-O
Bxg3 15. fxg3 Qd6 16. g4 e5 17. g5 Bg4 18. gxh6 Qxh6 19. Rde1 Bxf3 20. gxf3
Rae8 21. Reg1 Rf5 22. Rh3 Re7 23. Qg2 Ref7 24. Rg3 e4 25. dxe4 dxe4 26. f4 e3
27. Rxe3 Rxf4 28. Qd5 R4f5 29. Re8+ Kh7 30. Qe4 Qf4 31. Qe6 Ne5 32. Qc8 Rf8 33.
Rxf8 Rxf8 34. Qxb7 Rf7 35. Qe4+ Qxe4 36. Nxe4 Rf4 37. Nxc5 Rxh4 38. Ne6 g6 39.
Kc2 Kh6 40. b4 Nf3 41. Rg3 Rh2+ 42. Kd3 Ne1+ 43. Kc4 g5 44. Nxg5 Rxa2 45. Nf7+
1-0

[Event "30. Staufer-Open (A)"]
[Site "?"]
[Date "2018.01.02"]
[Round "1"]
[White "Weber, Samuel"]
[Black "Kunin, Vitaly"]
[Result "0-1"]
[WhiteElo "2176"]
[BlackElo "2556"]
[PlyCount "64"]
[EventDate "2018.??.??"]
[WhiteTeam "SV Oberursel"]
[BlackTeam "Freibauer Mörlenbach-Birkenau"]

1. e4 d6 2. d4 Nf6 3. Nc3 Nbd7 4. g4 h6 5. h3 e5 6. Nge2 b5 7. Bg2 c6 8. O-O b4
9. Nb1 a5 10. Be3 Ba6 11. Re1 g6 12. Nd2 Bg7 13. f4 O-O 14. dxe5 dxe5 15. Nb3
a4 16. Nbc1 exf4 17. Nxf4 Re8 18. Ncd3 Nxe4 19. Nxb4 Bb7 20. Qd3 Qe7 21. Qc4 a3
22. Bf2 axb2 23. Rad1 Ndf6 24. Bd4 c5 25. Nxg6 Qe6 26. Qxe6 Rxe6 27. Nf4 Rd6
28. Bxf6 Rxd1 29. Rxd1 Bxf6 30. Nbd3 Rxa2 31. Nh5 Bd4+ 32. Kh2 Nc3 0-1

[Event "30. Staufer-Open (A)"]
[Site "?"]
[Date "2018.01.02"]
[Round "1"]
[White "Vorobiov, Evgeny E"]
[Black "Stork, Oliver"]
[Result "1-0"]
[WhiteElo "2547"]
[BlackElo "2176"]
[PlyCount "73"]
[EventDate "2018.??.??"]
[WhiteTeam "SF 90 Spraitbach e.V."]
[BlackTeam "SV Oberursel"]

1. d4 d5 2. c4 e6 3. Nf3 Nf6 4. Nc3 Be7 5. Qc2 O-O 6. Bg5 b6 7. cxd5 exd5 8. e3
c5 9. Rd1 Bb7 10. Bd3 h6 11. Bxf6 Bxf6 12. dxc5 bxc5 13. O-O Qe7 14. Bh7+ Kh8
15. Nxd5 Bxd5 16. Rxd5 g6 17. Bxg6 fxg6 18. Qxg6 Qg7 19. Qd3 Nc6 20. Rxc5 Ne5
21. Nxe5 Bxe5 22. b3 Rac8 23. Rxc8 Rxc8 24. g3 Qc7 25. Qe4 Bg7 26. Rd1 Rd8 27.
Rxd8+ Qxd8 28. Kg2 Qa5 29. a4 Bf8 30. h4 Qb6 31. Qe5+ Kg8 32. Qd5+ Kg7 33. a5
Qb4 34. a6 Qb6 35. Qb7+ Qxb7+ 36. axb7 Bd6 37. f4 1-0

[Event "30. Staufer-Open (A)"]
[Site "?"]
[Date "2018.01.02"]
[Round "1"]
[White "Richterova, Natasa"]
[Black "Novikov, Stanislav"]
[Result "1/2-1/2"]
[WhiteElo "2166"]
[BlackElo "2540"]
[PlyCount "83"]
[EventDate "2018.??.??"]
[WhiteTeam "SV Medizin Erfurt"]

1. d4 g6 2. e4 Bg7 3. Nf3 c6 4. c3 d6 5. h3 Nd7 6. Be3 Ngf6 7. Nbd2 O-O 8. Qc2
Qc7 9. Be2 e5 10. dxe5 dxe5 11. O-O Re8 12. Rad1 Bf8 13. Rfe1 a5 14. a4 Nc5 15.
Bg5 Nh5 16. Nh2 Nf4 17. Ng4 Nxe2+ 18. Rxe2 Bxg4 19. hxg4 Ne6 20. Be3 Rad8 21.
Nc4 Nc5 22. Rxd8 Rxd8 23. b4 axb4 24. cxb4 Nxa4 25. Qxa4 b5 26. Bb6 Qb7 27. Qc2
Re8 28. Bc5 bxc4 29. Qxc4 Qd7 30. Re1 Qxg4 31. Bxf8 Rxf8 32. Qxc6 h5 33. Qd6
Re8 34. Qd1 Qe6 35. b5 Qc4 36. Qe2 Qxe2 37. Rxe2 Rb8 38. Rb2 Kf8 39. Kf1 Ke7
40. Ke2 Kd6 41. Rd2+ Kc5 42. Rd5+ 1/2-1/2

[Event "30. Staufer-Open (A)"]
[Site "?"]
[Date "2018.01.02"]
[Round "1"]
[White "Burmakin, Vladimir"]
[Black "Eber, Fabian"]
[Result "1-0"]
[WhiteElo "2526"]
[BlackElo "2157"]
[PlyCount "51"]
[EventDate "2018.??.??"]
[WhiteTeam "SF 90 Spraitbach e.V."]

1. Nf3 Nf6 2. g3 d5 3. Bg2 c6 4. O-O Bf5 5. c4 e6 6. Qb3 Qb6 7. d3 Nbd7 8. cxd5
Qxb3 9. axb3 exd5 10. Bd2 a6 11. b4 O-O-O 12. Rc1 Bd6 13. b5 Nb8 14. bxc6 Nxc6
15. Bg5 Kb8 16. Nc3 Be7 17. Na4 h6 18. Be3 Nd7 19. Rxc6 bxc6 20. Nd4 Kb7 21.
Nxf5 Bf8 22. Nd4 Nb8 23. Nb3 Bb4 24. Bd4 f6 25. Nac5+ Bxc5 26. Nxc5+ 1-0

[Event "30. Staufer-Open (A)"]
[Site "?"]
[Date "2018.01.02"]
[Round "1"]
[White "Gassmann, Volker"]
[Black "Dgebuadze, Alexandre"]
[Result "1-0"]
[WhiteElo "2148"]
[BlackElo "2521"]
[PlyCount "125"]
[EventDate "2018.??.??"]
[WhiteTeam "Schachfreunde Essen-Katernberg 0"]
[BlackTeam "SC Remagen-Sinzig"]

1. d4 e6 2. c4 Bb4+ 3. Bd2 a5 4. g3 Nc6 5. Nf3 d6 6. Bg2 e5 7. O-O Bxd2 8. Qxd2
Bg4 9. dxe5 dxe5 10. Qe3 Bxf3 11. Bxf3 Nf6 12. Nc3 O-O 13. Rad1 Qc8 14. Qc5 b6
15. Qa3 Qe6 16. Nd5 Rac8 17. Rd2 Nxd5 18. Bxd5 Qh6 19. Rfd1 Nd4 20. e3 Ne6 21.
Qe7 Rfe8 22. Qd7 Qf6 23. Bxe6 fxe6 24. Qc6 Rf8 25. c5 bxc5 26. Qxc5 h5 27. h4
g5 28. hxg5 Qxg5 29. Qc4 Qf5 30. Qh4 Rb8 31. e4 Qg4 32. Qxg4+ hxg4 33. Rc1 Rb4
34. Rxc7 Rxe4 35. Rdd7 Rf3 36. Kf1 Rb4 37. b3 a4 38. Rd8+ Rf8 39. Rxf8+ Kxf8
40. Rc4 Rxc4 41. bxc4 e4 42. Ke2 Ke7 43. Ke3 Kd6 44. Kxe4 Kc5 45. f3 gxf3 46.
Kxf3 Kd4 47. g4 e5 48. g5 Kd3 49. g6 e4+ 50. Kf4 e3 51. g7 e2 52. g8=Q e1=Q 53.
Qd5+ Kc2 54. Qe4+ Qxe4+ 55. Kxe4 Kb2 56. c5 Kxa2 57. c6 a3 58. c7 Kb2 59. c8=Q
a2 60. Qb7+ Kc2 61. Qa6 Kb2 62. Qb5+ Ka1 63. Qe2 1-0

[Event "30. Staufer-Open (A)"]
[Site "?"]
[Date "2018.01.02"]
[Round "1"]
[White "Lampert, Jonas"]
[Black "Kölle, Tobias"]
[Result "1-0"]
[WhiteElo "2518"]
[BlackElo "2146"]
[PlyCount "99"]
[EventDate "2018.??.??"]
[WhiteTeam "Hamburger SK von 1830 eV"]
[BlackTeam "TSV Schönaich"]

1. d4 d5 2. c4 c6 3. Nf3 Nf6 4. Nbd2 e6 5. e3 Be7 6. Bd3 Nbd7 7. O-O O-O 8. e4
dxe4 9. Nxe4 Nxe4 10. Bxe4 Nf6 11. Bc2 c5 12. Bf4 b6 13. Qe2 Bb7 14. Rad1 Qc8
15. d5 Rd8 16. dxe6 Qxe6 17. Qxe6 fxe6 18. Ng5 Nh5 19. Be3 Bxg5 20. Bxg5 Nf6
21. f3 h6 22. Bf4 Kf7 23. a4 Ke7 24. a5 Rxd1 25. Rxd1 Rd8 26. Ra1 Rd4 27. Be5
Rxc4 28. Bd3 Rb4 29. Bc3 Rb3 30. Bc4 Rxc3 31. bxc3 Bd5 32. axb6 axb6 33. Ra7+
Kd6 34. Bb5 Bc6 35. Bxc6 Kxc6 36. Rxg7 Nd5 37. Rg6 Kd6 38. c4 Ne3 39. f4 Nxc4
40. f5 b5 41. Rxe6+ Kd7 42. Kf2 b4 43. Ke2 Nd6 44. Re5 c4 45. f6 b3 46. Kd2 b2
47. Kc2 c3 48. f7 Nc4 49. f8=Q Nxe5 50. Qb4 1-0

[Event "30. Staufer-Open (A)"]
[Site "?"]
[Date "2018.01.02"]
[Round "1"]
[White "Suvorov, Alexander"]
[Black "Kantor, Gergely"]
[Result "0-1"]
[WhiteElo "2145"]
[BlackElo "2518"]
[PlyCount "62"]
[EventDate "2018.??.??"]
[WhiteTeam "Schachgemeinschaft Porz e.V."]

1. d4 Nf6 2. Nf3 d5 3. c4 e6 4. Nc3 c6 5. cxd5 exd5 6. Qc2 g6 7. Bg5 Be7 8. e3
Bf5 9. Bd3 Bxd3 10. Qxd3 O-O 11. h3 Ne4 12. Bf4 f5 13. Ne5 Nd7 14. O-O Bd6 15.
Nxd7 Qxd7 16. f3 Ng3 17. Rfe1 Rae8 18. Bxd6 Qxd6 19. Ne2 Nh5 20. Qd2 g5 21. Nc3
Qg6 22. Qd3 Kh8 23. Rad1 Qg7 24. Qe2 Re6 25. a3 g4 26. fxg4 fxg4 27. Qxg4 Rg6
28. Qxh5 Rxg2+ 29. Kh1 Rh2+ 30. Kxh2 Rf2+ 31. Kh1 Qg2# 0-1

[Event "30. Staufer-Open (A)"]
[Site "?"]
[Date "2018.01.02"]
[Round "1"]
[White "Noe, Christopher"]
[Black "Adocchio, Giampiero"]
[Result "1-0"]
[WhiteElo "2474"]
[BlackElo "2138"]
[PlyCount "115"]
[EventDate "2018.??.??"]
[WhiteTeam "SC Eppingen"]
[BlackTeam "Mosbacher SC von 1931"]

1. d4 Nf6 2. c4 e6 3. Nc3 Bb4 4. Qc2 O-O 5. a3 Bxc3+ 6. Qxc3 d5 7. Nf3 dxc4 8.
Qxc4 b6 9. Bf4 Nd5 10. Bg3 Ba6 11. Qc2 Nd7 12. e4 Bxf1 13. Rxf1 N5f6 14. Bh4
Qc8 15. Qc6 Rb8 16. b4 Re8 17. Rc1 Qa6 18. Rc3 Rbc8 19. Nd2 Nb8 20. Qc4 Qb7 21.
Bxf6 gxf6 22. Ke2 Nd7 23. Rb1 Kh8 24. b5 f5 25. Rbc1 Nf6 26. Qc6 Qxc6 27. Rxc6
Re7 28. d5 Ne8 29. d6 Rd7 30. Nc4 f6 31. e5 Rcd8 32. dxc7 Nxc7 33. exf6 Nxb5
34. Ne5 Nd4+ 35. Ke3 Nxc6 36. Nxd7 Rxd7 37. Rxc6 Kg8 38. Rxe6 Kf7 39. Rc6 Kg6
40. h4 h5 41. f7+ Kxf7 42. Rh6 Kg7 43. Rxh5 Kg6 44. Rg5+ Kf6 45. Rg8 Kf7 46.
Rc8 Kg6 47. f3 Rd5 48. Rc6+ Kh5 49. Kf4 Rd4+ 50. Kxf5 Kxh4 51. f4 Ra4 52. Rc3
Ra5+ 53. Ke6 Kg4 54. Rf3 Rf5 55. Rg3+ Kxg3 56. Kxf5 b5 57. Ke5 a5 58. f5 1-0

[Event "30. Staufer-Open (A)"]
[Site "?"]
[Date "2018.01.02"]
[Round "1"]
[White "Grill, Bernd"]
[Black "Kjartansson, Gudmundur"]
[Result "0-1"]
[WhiteElo "2137"]
[BlackElo "2438"]
[PlyCount "82"]
[EventDate "2018.??.??"]
[WhiteTeam "SV Ebersbach"]

1. d4 d5 2. c4 e6 3. Nf3 Nf6 4. Nc3 c6 5. Bg5 h6 6. Bh4 dxc4 7. e4 g5 8. Bg3 b5
9. e5 Nh5 10. a4 a6 11. Be2 g4 12. Bh4 Qb6 13. Nd2 Nf4 14. O-O Nd7 15. Nde4 b4
16. a5 Qa7 17. Na4 Qxd4 18. Nf6+ Nxf6 19. Bxf6 Qd5 20. f3 Rg8 21. Bxc4 Qxd1 22.
Rfxd1 Nd5 23. Bxd5 exd5 24. f4 Be7 25. Bxe7 Kxe7 26. Rac1 Bd7 27. Nb6 Raf8 28.
Rd4 f6 29. exf6+ Rxf6 30. Rxb4 g3 31. hxg3 Rxg3 32. Na4 Rfg6 33. Rc2 Bh3 34.
Rb7+ Kd6 35. Kh2 Bxg2 36. Nc5 Rh3+ 37. Kg1 Be4+ 38. Kf1 Bxc2 39. b4 Rh1+ 40.
Kf2 Rh2+ 41. Kf1 Bf5 0-1

[Event "30. Staufer-Open (A)"]
[Site "?"]
[Date "2018.01.02"]
[Round "1"]
[White "Miezis, Normunds"]
[Black "Hahn, Florian"]
[Result "1-0"]
[WhiteElo "2434"]
[BlackElo "2136"]
[PlyCount "99"]
[EventDate "2018.??.??"]
[WhiteTeam "SC Emmendingen 1937 e.V."]
[BlackTeam "SJ Herborn 1998"]

1. c4 c5 2. Nc3 Nc6 3. g3 g6 4. Bg2 Bg7 5. d3 e6 6. a3 Nge7 7. h4 h6 8. Bd2 O-O
9. Rb1 d5 10. cxd5 exd5 11. Qc1 Kh7 12. Nf3 c4 13. dxc4 dxc4 14. Ne4 Bf5 15.
Qxc4 Rc8 16. h5 Ne5 17. hxg6+ N7xg6 18. Qb3 Bxe4 19. Ng5+ Qxg5 20. Bxg5 Bxb1
21. Bxb7 Rc7 22. Bd5 Re8 23. Kf1 Bf5 24. Bxh6 Bxh6 25. Qe3 Kg8 26. Qxh6 Rd8 27.
Qg5 Rxd5 28. Qxf5 Rd2 29. Qe4 Rcc2 30. b4 Rxe2 31. Qxe2 Rxe2 32. Kxe2 Ne7 33.
Rc1 Kf8 34. b5 f6 35. f4 Nf7 36. a4 Nd6 37. Rc7 Ndc8 38. a5 Ke8 39. a6 Kd8 40.
Rb7 Nd5 41. Kf3 f5 42. g4 fxg4+ 43. Kxg4 Nc7 44. f5 Nd6 45. b6 axb6 46. Rb8+
Kd7 47. a7 Kc6 48. f6 b5 49. Kh5 Kc5 50. Kg6 1-0

[Event "30. Staufer-Open (A)"]
[Site "?"]
[Date "2018.01.02"]
[Round "1"]
[White "Gebhardt, Ulrich"]
[Black "Krassowizkij, Jaroslaw"]
[Result "0-1"]
[WhiteElo "2129"]
[BlackElo "2433"]
[PlyCount "50"]
[EventDate "2018.??.??"]
[WhiteTeam "SK 1926 Ettlingen"]
[BlackTeam "SV Jedesheim 1921"]

1. d4 Nf6 2. Nf3 e6 3. c4 a6 4. Nc3 d5 5. cxd5 exd5 6. Bg5 Be7 7. e3 h6 8. Bh4
Be6 9. Bd3 O-O 10. O-O Nbd7 11. Qc2 c6 12. Rac1 Qc7 13. Nd2 Rac8 14. f3 Bd6 15.
Kh1 g5 16. Bf2 Bxh2 17. f4 gxf4 18. Kxh2 Ng4+ 19. Kh1 fxe3 20. Bg1 exd2 21.
Qxd2 Qd8 22. Rf3 f5 23. Ne2 Ndf6 24. Nf4 Ne4 25. Ng6 Nxd2 0-1

[Event "30. Staufer-Open (A)"]
[Site "?"]
[Date "2018.01.02"]
[Round "1"]
[White "Velicka, Petr"]
[Black "Bergner, Philipp"]
[Result "1-0"]
[WhiteElo "2429"]
[BlackElo "2128"]
[PlyCount "41"]
[EventDate "2018.??.??"]
[WhiteTeam "SG Schwäbisch Gmünd 1872 e.V"]
[BlackTeam "Mönchfelder SV 1967"]

1. e4 c5 2. Nf3 e6 3. b3 d6 4. Bb2 Nf6 5. e5 dxe5 6. Nxe5 Nbd7 7. f4 Be7 8. Bd3
Qc7 9. Na3 a6 10. Qf3 Rb8 11. Nxd7 Qxd7 12. Be5 Ra8 13. O-O O-O 14. Nc4 Qc6 15.
Qh3 g6 16. Qh6 Rd8 17. Rf3 Nh5 18. Rg3 b5 19. Qxh5 Rxd3 20. cxd3 bxc4 21. Qxh7+
1-0

[Event "30. Staufer-Open (A)"]
[Site "?"]
[Date "2018.01.02"]
[Round "1"]
[White "Bethke, Richard"]
[Black "Kraus, Tomas"]
[Result "1/2-1/2"]
[WhiteElo "2127"]
[BlackElo "2426"]
[PlyCount "70"]
[EventDate "2018.??.??"]
[WhiteTeam "SF Neuberg"]

1. e4 d6 2. d4 Nf6 3. Nc3 e5 4. Nf3 Nbd7 5. g3 g6 6. a4 Bg7 7. Bg2 O-O 8. O-O
exd4 9. Nxd4 Re8 10. Re1 Nc5 11. Bf4 Bg4 12. Qd2 Qd7 13. Bh6 Bh8 14. a5 Bh3 15.
Bh1 Re5 16. Bf4 Rh5 17. Rad1 Re8 18. b4 Ne6 19. Nxe6 Bxe6 20. Nd5 Bxd5 21. exd5
Rxe1+ 22. Rxe1 Qh3 23. f3 Rxd5 24. Qe3 c5 25. c4 Rd4 26. bxc5 dxc5 27. Be5 Nd7
28. f4 Rxc4 29. Bd5 Bxe5 30. fxe5 Rc2 31. e6 Qxh2+ 32. Kf1 Qh3+ 33. Kg1 Qh2+
34. Kf1 Qh3+ 35. Kg1 Qh2+ 1/2-1/2

[Event "30. Staufer-Open (A)"]
[Site "?"]
[Date "2018.01.02"]
[Round "1"]
[White "Antal, Tibor Kende"]
[Black "Walter, Andreas"]
[Result "1-0"]
[WhiteElo "2419"]
[BlackElo "2127"]
[PlyCount "97"]
[EventDate "2018.??.??"]
[BlackTeam "Schachverein Mülheim-Nord 1931 e"]

1. e4 e5 2. Nf3 Nc6 3. Bb5 Nf6 4. d3 Bc5 5. O-O Nd4 6. Nxd4 Bxd4 7. c3 Bb6 8.
Nd2 c6 9. Ba4 O-O 10. Qe2 Re8 11. h3 d5 12. Rd1 h6 13. Nf1 Be6 14. Ng3 Nd7 15.
Kh2 Qf6 16. Rf1 Bc7 17. Bc2 Nf8 18. Nh5 Qe7 19. g4 Ng6 20. Qf3 Nh4 21. Qe3 Bb6
22. Qe2 Rad8 23. Ng3 dxe4 24. dxe4 Qc5 25. Be3 Qc4 26. Qxc4 Bxc4 27. Rfd1 Bxe3
28. fxe3 Kf8 29. Kg1 Ke7 30. Kf2 Rxd1 31. Rxd1 Rd8 32. Rxd8 Kxd8 33. b3 Be6 34.
Nh5 g6 35. Nf6 Ke7 36. Ng8+ Kf8 37. Nxh6 Kg7 38. Nf5+ Bxf5 39. exf5 g5 40. Be4
Kf6 41. c4 Ke7 42. c5 Kd7 43. b4 b5 44. cxb6 axb6 45. a4 Kd6 46. f6 c5 47. a5
bxa5 48. bxa5 Kc7 49. Bd5 1-0

[Event "30. Staufer-Open (A)"]
[Site "?"]
[Date "2018.01.02"]
[Round "1"]
[White "Nickel, Rüdiger"]
[Black "Sinz, Bernhard"]
[Result "0-1"]
[WhiteElo "2126"]
[BlackElo "2400"]
[PlyCount "92"]
[EventDate "2018.??.??"]
[WhiteTeam "SK Dinkelsbühl e.V."]
[BlackTeam "TG Biberach"]

1. e4 e5 2. Nf3 Nc6 3. Bb5 a6 4. Bxc6 dxc6 5. Nc3 f6 6. d4 exd4 7. Nxd4 c5 8.
Nde2 Qxd1+ 9. Nxd1 Bd7 10. Bf4 O-O-O 11. Ne3 Re8 12. f3 Ne7 13. Kf2 g5 14. Bg3
f5 15. exf5 Nxf5 16. Nxf5 Bxf5 17. c3 h5 18. h3 Rh6 19. Rad1 Rb6 20. Rd2 Bh6
21. Rhd1 h4 22. Be5 Rbe6 23. f4 b6 24. fxg5 Bxg5 25. Bf4 Bf6 26. Ng1 c4 27. Rd7
Rc6 28. Rf7 Bg6 29. Rfd7 Bd3 30. Rf7 Bg6 31. Rfd7 Be7 32. Rxe7 Rxe7 33. Rd4 Bd3
34. Bg5 Re5 35. Rd8+ Kb7 36. Bxh4 Rb5 37. b4 cxb3 38. axb3 Rxc3 39. Nf3 Rbxb3
40. Bf6 Rc2+ 41. Kg3 Bf1 42. Kf4 Bxg2 43. Nd4 Rf2+ 44. Kg5 Rg3+ 45. Kh4 Rxh3+
46. Kg4 Rxf6 0-1

[Event "30. Staufer-Open (A)"]
[Site "?"]
[Date "2018.01.02"]
[Round "1"]
[White "Naumkin, Igor"]
[Black "Birkenmaier, Rainer"]
[Result "1-0"]
[WhiteElo "2394"]
[BlackElo "2121"]
[PlyCount "57"]
[EventDate "2018.??.??"]
[BlackTeam "TG Biberach"]

1. d4 d5 2. c4 e6 3. Nf3 c6 4. e3 Nf6 5. Nc3 Nbd7 6. a3 Bd6 7. Bd3 O-O 8. O-O
dxc4 9. Bxc4 e5 10. Ba2 Qe7 11. h3 e4 12. Nd2 Nb6 13. f3 exf3 14. Qxf3 Be6 15.
e4 Bxa2 16. Rxa2 Bc7 17. Rd1 Qe6 18. Ra1 Rfe8 19. e5 Nfd5 20. Nde4 Qg6 21. a4
Nxc3 22. bxc3 Nc4 23. Re1 a6 24. Ra2 h6 25. Rf2 b5 26. Ng3 Nb6 27. Re4 Nd5 28.
Rg4 Qe6 29. Nf5 1-0

[Event "30. Staufer-Open (A)"]
[Site "?"]
[Date "2018.01.02"]
[Round "1"]
[White "Gabriel, Josef"]
[Black "Gschnitzer, Adrian"]
[Result "1-0"]
[WhiteElo "2119"]
[BlackElo "2394"]
[PlyCount "135"]
[EventDate "2018.??.??"]
[WhiteTeam "Stuttgarter SF 1879"]
[BlackTeam "Karlsruher SF 1853"]

1. e4 c5 2. Nf3 Nc6 3. d3 g6 4. g3 Bg7 5. Bg2 e6 6. O-O Nge7 7. Nbd2 O-O 8. Re1
d5 9. c3 b6 10. e5 Qc7 11. Qe2 f6 12. exf6 Bxf6 13. Nf1 e5 14. Bh6 Rd8 15. Bg5
Bg7 16. c4 Be6 17. cxd5 Rxd5 18. Ne3 Rd6 19. Nc4 Bxc4 20. dxc4 Rad8 21. Qe4 h6
22. Bxe7 Qxe7 23. Nh4 Qf7 24. b3 Nd4 25. Rad1 Rf8 26. Rf1 Rf6 27. Qd3 Kh8 28.
Be4 Nf5 29. Bxf5 gxf5 30. Qd7 Qh5 31. Rd6 Rxd6 32. Qxd6 Kh7 33. Rd1 Rf6 34. Qd5
e4 35. f3 Qg5 36. Re1 Rf8 37. fxe4 Bd4+ 38. Kh1 fxe4 39. Qxe4+ Kg7 40. Qe7+ Rf7
41. Qe4 Qf6 42. Kg2 Bc3 43. Rd1 Bd4 44. Nf3 Re7 45. Qg4+ Kh7 46. Nxd4 cxd4 47.
Rxd4 Qe5 48. Rd7 Rxd7 49. Qxd7+ Kg6 50. Qd3+ Kg7 51. a4 h5 52. h4 Qb2+ 53. Kf3
Qf6+ 54. Ke2 Qb2+ 55. Kd1 Kf6 56. Ke1 Kg7 57. Kf1 Qa1+ 58. Kg2 Qb2+ 59. Kh3 Qa1
60. Qf3 Kh6 61. g4 hxg4+ 62. Kxg4 Qg7+ 63. Kf4 Qd4+ 64. Kf5 Qd7+ 65. Ke4 Qe7+
66. Kd3 Qxh4 67. Qe3+ Kh5 68. Qe8+ 1-0

[Event "30. Staufer-Open (A)"]
[Site "?"]
[Date "2018.01.02"]
[Round "1"]
[White "Skembris, Spyridon"]
[Black "Flach, Erich"]
[Result "1-0"]
[WhiteElo "2387"]
[BlackElo "2119"]
[PlyCount "102"]
[EventDate "2018.??.??"]
[WhiteTeam "SC Grunbach"]
[BlackTeam "SK Langen"]

1. c4 c5 2. g3 Nf6 3. Bg2 e6 4. Nf3 b6 5. O-O Bb7 6. Nc3 d6 7. Re1 a6 8. a3 Qc7
9. d3 Be7 10. Bd2 Nc6 11. Rb1 O-O 12. b4 cxb4 13. axb4 Ne5 14. Nxe5 dxe5 15.
Bxb7 Qxb7 16. Qc2 Rac8 17. Rb3 Rfd8 18. f3 b5 19. c5 a5 20. bxa5 Bxc5+ 21. Kg2
b4 22. Qa2 Qa7 23. Ne4 Nd5 24. Nxc5 Rxc5 25. Ra1 Rdc8 26. Rb2 Nc3 27. Bxc3 bxc3
28. Rb4 h6 29. a6 c2 30. Rc4 Rxc4 31. dxc4 Rc6 32. Qxc2 Rxa6 33. Rxa6 Qxa6 34.
c5 Qc6 35. Qc4 Kf8 36. Qc3 f6 37. Qa5 e4 38. Qb6 exf3+ 39. exf3 Qd5 40. c6 Qd2+
41. Kh3 Qc1 42. Qd8+ Kf7 43. Qd7+ Kg6 44. Qxe6 Qf1+ 45. Kh4 Qb5 46. g4 Qb6 47.
Qe8+ Kh7 48. Qe4+ Kg8 49. Qc4+ Kh7 50. Qc2+ g6 51. c7 Qb5 1-0

[Event "30. Staufer-Open (A)"]
[Site "?"]
[Date "2018.01.02"]
[Round "1"]
[White "Brem, Stephan"]
[Black "Zeller, Frank"]
[Result "0-1"]
[WhiteElo "2113"]
[BlackElo "2379"]
[PlyCount "60"]
[EventDate "2018.??.??"]
[WhiteTeam "Schachklub München Südost e.V."]
[BlackTeam "SK Schwäbisch Hall"]

1. b3 c5 2. Bb2 d6 3. g3 e5 4. Bg2 Nc6 5. c4 h5 6. e3 h4 7. Nc3 Nf6 8. d3 Be6
9. Nd5 Qa5+ 10. Qd2 Bxd5 11. Bxd5 Nb4 12. Bc3 Nfxd5 13. cxd5 hxg3 14. fxg3 Qb5
15. Bxb4 cxb4 16. e4 g6 17. Rd1 Bh6 18. Qf2 f5 19. Nf3 fxe4 20. dxe4 O-O 21.
Qe2 Qc5 22. Kf1 Rxf3+ 23. Qxf3 Rf8 24. Qxf8+ Bxf8 25. Kg2 Qc2+ 26. Kh3 Qxe4 27.
Rc1 g5 28. Rhf1 g4+ 29. Kh4 Be7+ 30. Kh5 Kg7 0-1

[Event "30. Staufer-Open (A)"]
[Site "?"]
[Date "2018.01.02"]
[Round "1"]
[White "Wenninger, Philipp"]
[Black "Hönick, Andreas"]
[Result "1/2-1/2"]
[WhiteElo "2349"]
[BlackElo "2112"]
[PlyCount "42"]
[EventDate "2018.??.??"]
[WhiteTeam "SC Erlangen 48/88"]
[BlackTeam "SG Schwäbisch Gmünd 1872 e.V"]

1. d4 d5 2. c4 e6 3. Nc3 Bb4 4. Nf3 Nf6 5. Bg5 dxc4 6. Qa4+ Nc6 7. e3 Bd7 8.
Qc2 h6 9. Bh4 b5 10. Be2 Rb8 11. O-O O-O 12. Ne5 Be7 13. Nxd7 Qxd7 14. Rfd1
Rfd8 15. Bf3 Nd5 16. Bg3 Ncb4 17. Qd2 Bd6 18. a3 Nxc3 19. Qxc3 Bxg3 20. hxg3
Nd5 21. Qc2 Qe7 1/2-1/2

[Event "30. Staufer-Open (A)"]
[Site "?"]
[Date "2018.01.02"]
[Round "1"]
[White "Carow, Annelen"]
[Black "Höglauer, Patrick"]
[Result "1-0"]
[WhiteElo "2110"]
[BlackElo "2343"]
[PlyCount "73"]
[EventDate "2018.??.??"]
[WhiteTeam "Sfr.Heidesheim"]
[BlackTeam "SC Grunbach"]

1. d4 Nf6 2. c4 c5 3. d5 b5 4. Qc2 d6 5. e4 bxc4 6. Bxc4 g6 7. Nf3 Bg7 8. Nc3
O-O 9. O-O Ba6 10. Bxa6 Nxa6 11. h3 Rb8 12. Re1 Qb6 13. Qe2 Nd7 14. Bg5 Rfe8
15. Rab1 Nb4 16. a3 Na6 17. Bf4 Bxc3 18. bxc3 Qxb1 19. Rxb1 Rxb1+ 20. Kh2 Nc7
21. e5 f6 22. exd6 exd6 23. Qc2 Rb6 24. Qa4 Rd8 25. c4 Ra6 26. Qb3 Rb6 27. Qa4
Ra6 28. Qb3 Rb8 29. Qc3 Kf7 30. Nd2 Re8 31. Qb3 Re7 32. Qb7 Ne5 33. Qc8 Kg7 34.
Bxe5 fxe5 35. Ne4 Kf7 36. Ng5+ Kg7 37. Qd8 1-0

[Event "30. Staufer-Open (A)"]
[Site "?"]
[Date "2018.01.02"]
[Round "1"]
[White "Gheng, Josef"]
[Black "Röhl, Rainer"]
[Result "1-0"]
[WhiteElo "2334"]
[BlackElo "2110"]
[PlyCount "71"]
[EventDate "2018.??.??"]
[WhiteTeam "SK Wernau"]
[BlackTeam "SF Schwerin"]

1. c4 c5 2. g3 g6 3. Bg2 Bg7 4. e3 Nc6 5. Ne2 e5 6. b3 Nge7 7. Bb2 d5 8. O-O
O-O 9. d3 Be6 10. Nbc3 Rc8 11. e4 dxe4 12. dxe4 Nd4 13. Nd5 Nxd5 14. exd5 Bg4
15. f3 Bd7 16. Nc3 a6 17. Qd3 b5 18. Rae1 f5 19. Rf2 b4 20. Ne2 Qb6 21. Nxd4
cxd4 22. Rfe2 Rce8 23. Kh1 h5 24. Bc1 Qd8 25. a3 a5 26. axb4 axb4 27. c5 Qa5
28. Rc2 Bb5 29. Qd2 Ra8 30. Bf1 e4 31. Bxb5 Qxb5 32. Rc4 e3 33. Qd3 Qd7 34.
Rxd4 Bxd4 35. Qxd4 f4 36. Bb2 1-0

[Event "30. Staufer-Open (A)"]
[Site "?"]
[Date "2018.01.02"]
[Round "1"]
[White "Schlotterbeck, Peter"]
[Black "Schitco, Ivan"]
[Result "0-1"]
[WhiteElo "2106"]
[BlackElo "2334"]
[PlyCount "70"]
[EventDate "2018.??.??"]
[WhiteTeam "SC BW Kirchentellinsfurt"]

1. d4 Nf6 2. c4 c5 3. d5 e6 4. Nc3 exd5 5. cxd5 d6 6. e4 g6 7. Nf3 Bg7 8. h3
O-O 9. Bd3 Nh5 10. O-O Nd7 11. g4 Nhf6 12. Bf4 Ne8 13. Re1 Ne5 14. Nxe5 Bxe5
15. Bxe5 dxe5 16. Re3 a6 17. a4 Nd6 18. Rg3 c4 19. Bf1 Bd7 20. b3 b5 21. axb5
axb5 22. Rxa8 Qxa8 23. bxc4 bxc4 24. Qc1 Qa7 25. Qg5 f6 26. Qe3 Qd4 27. Bg2 Rb8
28. Kh2 Rb3 29. Qe1 Rb2 30. Rf3 Kg7 31. Kg3 Rb3 32. Kh2 Rb2 33. Kg3 Rd2 34. Qc1
Rd3 35. Qa3 Nxe4+ 0-1

[Event "30. Staufer-Open (A)"]
[Site "?"]
[Date "2018.01.02"]
[Round "1"]
[White "Buckels, Valentin"]
[Black "Bader, Gerd"]
[Result "1-0"]
[WhiteElo "2332"]
[BlackElo "2105"]
[PlyCount "127"]
[EventDate "2018.??.??"]
[WhiteTeam "Schachverein Mülheim-Nord 1931 e"]
[BlackTeam "SG Schwäbisch Gmünd 1872 e.V"]

1. d4 d6 2. Nf3 Nd7 3. g3 e5 4. c4 Ngf6 5. Bg2 g6 6. O-O Bg7 7. Nc3 O-O 8. Qc2
Re8 9. Rd1 c6 10. e4 Qc7 11. c5 dxc5 12. dxe5 Ng4 13. e6 fxe6 14. h3 Nge5 15.
Nd2 Nf7 16. f4 e5 17. f5 b5 18. Nf3 gxf5 19. exf5 Nf6 20. Ng5 Nxg5 21. Bxg5 c4
22. Kh2 Bb7 23. Ne4 Nxe4 24. Qxe4 Rf8 25. Rf1 Bf6 26. Be3 Rf7 27. g4 c5 28.
Qxb7 Qxb7 29. Bxb7 Rxb7 30. g5 Be7 31. Rfd1 Rd8 32. f6 Rxd1 33. fxe7 Rd2+ 34.
Bxd2 Rxe7 35. Be3 Kf7 36. Rd1 Ke6 37. Kg3 Rc7 38. Kf3 b4 39. Ke4 a5 40. Rc1 c3
41. bxc3 c4 42. cxb4 axb4 43. Rb1 Rb7 44. Bd2 b3 45. axb3 cxb3 46. Bc3 Rb5 47.
Rb2 Kd6 48. Kd3 e4+ 49. Kxe4 Rxg5 50. Rxb3 Rh5 51. Bf6 Ke6 52. Rb6+ Kf7 53. h4
Ra5 54. Kf4 Rd5 55. Be5 Rd7 56. Rc6 Rd1 57. Kf5 Rf1+ 58. Bf4 Rf2 59. Rc7+ Kg8
60. h5 Rf1 61. Kg5 h6+ 62. Kf5 Rf2 63. Kg4 Rg2+ 64. Kf3 1-0